[Event "XXV Aniversario"]
[Site "Parla ESP"]
[Date "2008.09.09"]
[Round "4"]
[White "Perez Alvarez,J"]
[Black "Barbosa Martinez,M"]
[Result "1-0"]
[WhiteElo "1727"]
[BlackElo "1779"]

1.e4 c5 2.Nf3 e6 3.Nc3 Nc6 4.d4 cxd4 5.Nxd4 Bb4 6.Nb5 Bxc3+ 7.Nxc3 Nf6 8.Bg5 h6
9.Bh4 O-O 10.Bd3 Ne5 11.O-O Ng6 12.Bg3 d5 13.exd5 Nxd5 14.Nxd5 Qxd5 15.Qe2 Ne7
16.Rfd1 Qc6 17.Bb5 Qc5 18.Bd6 Qg5 19.f4 Qf6 20.Qe5 Nd5 21.Qxf6 gxf6 22.Bxf8 Kxf8
23.g3 a6 24.Be2 Bd7 25.Bf3 Bc6 26.Bxd5 Bxd5 27.b3 Ke7 28.c4 Be4 29.Kf2 f5
30.Rd2 h5 31.Rad1 Bc6 32.a3 Rg8 33.b4 h4 34.gxh4 Rg4 35.Ke3 Rxh4 36.Rg1 Rh3+
37.Rg3 Rh4 38.Rf2 Rh8 39.Kd4 Rd8+ 40.Kc3 Rd1 41.Rd2 Rxd2 42.Kxd2 Kf6 43.h4 e5
44.Ke3 Ba4 45.h5 Bd1 46.fxe5+ Kxe5 47.h6  1-0

[Event "XXV Aniversario"]
[Site "Parla ESP"]
[Date "2008.09.09"]
[Round "4"]
[White "Cabrera Trujillo,J"]
[Black "Anton Veiga,J"]
[Result "1-0"]
[WhiteElo "2423"]
[BlackElo "2153"]

1.e4 c5 2.Nf3 e6 3.d4 cxd4 4.Nxd4 Nc6 5.Nc3 a6 6.Be3 Nge7 7.Nb3 Ng6 8.f4 Be7
9.g3 b5 10.h4 d6 11.h5 Nf8 12.Qg4 Rg8 13.O-O-O Qc7 14.Bg2 Nd7 15.Rhe1 Bb7
16.Bg1 Rc8 17.Qe2 Nb4 18.a3 Nc6 19.Nd5 exd5 20.exd5 Nce5 21.Bh3 Qxc2+ 22.Qxc2 Rxc2+
23.Kxc2 Nf3 24.Nd4 Nxe1+ 25.Rxe1 Nb6 26.Rxe7+ Kxe7 27.Nf5+ Kf8 28.Bxb6 Bxd5
29.Nxd6 g5 30.Be3 g4 31.Bf1 Kg7 32.Nf5+ Kf6 33.Bd3 Rd8 34.Bb6 Bb3+ 35.Kxb3 Rxd3+
36.Kc2 Rd5 37.Ne3 Rxh5 38.Nxg4+ Ke6 39.Kd3 f5 40.Nf2 Kd5 41.Nd1 Ke6 42.Bf2 Rh2
43.Ke2 Kd5 44.Ne3+ Ke4 45.Nf1 Rh6 46.Nd2+ Kd5 47.Nb3 Ke4 48.Nc5+ Kd5 49.Kf3 Rg6
50.b3 Rc6 51.b4 Rg6 52.Nd3 Rg8 53.Ne5 h5 54.Bc5 Rg7 55.Bf2 Rc7 56.Bc5 Rg7
57.Kf2 Ke4 58.Nf3 Kd3 59.Ne5+ Ke4 60.Nf3 Kd3 61.Kg2 Kc4 62.Kh3 a5 63.Nd4 a4
64.Nxf5  1-0

[Event "7th Georgiev - Kesarovski Mem"]
[Site "Sunny Beach BUL"]
[Date "2008.09.09"]
[Round "2"]
[White "Vyskocil,N"]
[Black "Bucek,E"]
[Result "1-0"]
[WhiteElo "2340"]
[BlackElo "2046"]

1.e4 c5 2.Nf3 e6 3.Nc3 Nc6 4.d4 cxd4 5.Nxd4 Nge7 6.Ndb5 Ng6 7.Nd6+ Bxd6 8.Qxd6 Qe7
9.Qxe7+ Kxe7 10.b3 a5 11.Ba3+ d6 12.Nb5 Rd8 13.O-O-O Nb4 14.c3  1-0

[Event "DMP Ekstraliga"]
[Site "Karpacz POL"]
[Date "2008.09.10"]
[Round "5"]
[White "Miroslaw,M"]
[Black "Gdanski,J"]
[Result "1/2-1/2"]
[WhiteElo "2316"]
[BlackElo "2523"]

1.e4 c5 2.Nf3 e6 3.d4 cxd4 4.Nxd4 Nc6 5.Nc3 Qc7 6.Be2 a6 7.O-O Nf6 8.Be3 Bb4
9.Na4 Be7 10.Nxc6 bxc6 11.Qd3 c5 12.c4 Bb7 13.Bf3 Rb8 14.b3 d6 15.Rad1 Nd7
16.Bf4 Ne5 17.Bxe5 dxe5 18.Qe3 O-O 19.Rd3 h6 20.Rfd1 Rfe8 21.g3 Qa5 22.Qd2 Qxd2
23.R1xd2 Bc6 24.Nc3 Kf8 25.Kf1 g6 26.Bg2 Bg5 27.Rd1 a5 28.Bf3 Rb4 29.Rb1 a4
30.Bd1 axb3 31.axb3 Ra8 32.Ke2 Bd8 33.Rd6 Be8 34.Bc2 Rb7 35.Rdd1 Rba7 36.Na4 Be7
37.f3 Bc6 38.Nb6 Rb8 39.Na4 h5 40.Nc3 Ra3 41.Ra1 Rba8 42.Na4 Rxa1 43.Rxa1 Kg7
44.Kf2 f5 45.Kg2 Kf6 46.Kf2 g5 47.h3 Rd8 48.Ke2 f4 49.g4 hxg4 50.hxg4 Rh8
51.Rf1 Bd6 52.Nb2 Bc7 53.Nd3 Bb6 54.Ra1 Bb7 55.Nf2 Ke7 56.Rh1 Rxh1 57.Nxh1 Kd6  1/2-1/2

[Event "4th ch-EU"]
[Site "Liverpool ENG"]
[Date "2008.09.10"]
[Round "2"]
[White "D'Costa,L"]
[Black "Laznicka,V"]
[Result "0-1"]
[WhiteElo "2414"]
[BlackElo "2601"]

1.e4 c5 2.Nf3 e6 3.d4 cxd4 4.Nxd4 Nc6 5.Nc3 a6 6.Nxc6 bxc6 7.Bd3 d5 8.O-O Nf6
9.Re1 Be7 10.e5 Nd7 11.Qg4 g6 12.Bh6 Rb8 13.Qh3 Rxb2 14.Bg7 Rg8 15.Qxh7 Rxg7
16.Qxg7 Bb4 17.Re3 Bxc3 18.Bxg6 Nxe5 19.Bxf7+ Nxf7 20.Rxc3 Qg5 21.Qd4 Qe5
22.Qd2 Nd6 23.f3 Kd7 24.Re1 Qf6 25.a3 a5 26.Qd3 Ba6 27.Qh7+ Qf7 28.Qh8 Rb6
29.Qa8 Kc7 30.Qa7+ Nb7 31.Rce3 c5 32.Qa8 Bc4 33.Re5 Qg7 34.Qe8 Bb5 35.Qh5 Bd7
36.Qh4 Nd6 37.Qf4 Rb2 38.R1e2 Qh7 39.c4 Rxe2 40.Rxe2 Qd3 41.Re1 dxc4 42.Qc1 Qd4+
43.Kh1 c3 44.Rd1 Qc4  0-1

[Event "4th ch-EU"]
[Site "Liverpool ENG"]
[Date "2008.09.10"]
[Round "2"]
[White "Abergel,T"]
[Black "White,Mi"]
[Result "1-0"]
[WhiteElo "2499"]
[BlackElo "2289"]

1.e4 c5 2.Nf3 e6 3.Nc3 Nc6 4.d4 cxd4 5.Nxd4 Nf6 6.Nxc6 bxc6 7.Bd3 d5 8.O-O Bc5
9.e5 Nd7 10.Qg4 Kf8 11.Qg3 h5 12.Bg5 Qc7 13.Rae1 Rb8 14.Kh1 Rxb2 15.Na4 Rxa2
16.Qh4 Qa5 17.Nxc5 Qxc5 18.f4 g6 19.f5 gxf5 20.Bxf5 exf5 21.e6 Qxc2 22.Be7+ Ke8
23.exd7+ Kxd7 24.Qg3 Ba6 25.Rf2  1-0

[Event "61st ch-RUS HL"]
[Site "Novokuznetsk RUS"]
[Date "2008.09.10"]
[Round "7"]
[White "Najer,E"]
[Black "Matlakov,M"]
[Result "1/2-1/2"]
[WhiteElo "2670"]
[BlackElo "2484"]

1.e4 c5 2.Nf3 e6 3.d4 cxd4 4.Nxd4 Nc6 5.Nc3 Qc7 6.Be3 Nf6 7.Ndb5 Qb8 8.f4 d6
9.Bd3 Be7 10.O-O O-O 11.Kh1 a6 12.Nd4 Nxd4 13.Bxd4 e5 14.Bb6 exf4 15.Qd2 Be6
16.Qxf4 Nd7 17.Bd4 Ne5 18.Nd5 Bxd5 19.exd5 Qd8 20.Bxe5 dxe5 21.Qxe5 Bd6 22.Qd4 Qc7
23.Rae1 Rae8 24.g3 g6 25.Kg2 Qa5 26.Rxe8 Rxe8 27.Bc4 Re1 28.c3 Re5 29.Rf3 Qc7
30.Bf1 Qe7 31.b4 h5 32.a3 a5 33.Bd3 axb4 34.axb4 Qg5 35.c4 Qd2+ 36.Qf2 Bxb4
37.Qxd2 Bxd2 38.Rf2 Be3 39.Re2 Bd4 40.Rxe5 Bxe5  1/2-1/2

[Event "61st ch-RUS HL"]
[Site "Novokuznetsk RUS"]
[Date "2008.09.10"]
[Round "7"]
[White "Yakovich,Yur"]
[Black "Tregubov,P"]
[Result "1/2-1/2"]
[WhiteElo "2566"]
[BlackElo "2658"]

1.e4 c5 2.Nf3 e6 3.d4 cxd4 4.Nxd4 Nc6 5.Nc3 Nf6 6.Ndb5 d6 7.Bf4 e5 8.Bg5 a6
9.Na3 b5 10.Nd5 Be7 11.Bxf6 Bxf6 12.c3 Bg5 13.Nc2 Rb8 14.a4 bxa4 15.Ncb4 Nxb4
16.cxb4 O-O 17.Rxa4 a5 18.b5 Bd7 19.Nc3 Qb6 20.Bc4 Be6 21.O-O Rbc8 22.Qe2 Rc5
23.Rd1 h6 24.b3 Rfc8 25.g3 Qc7 26.Kg2 Kf8 27.Nd5 Bxd5 28.Bxd5 Rc2 29.Qf3 Rc3
30.Rd3 Rxd3 31.Qxd3 Bd8 32.Rc4 Qd7 33.Rc6 Rxc6 34.bxc6 Qc7 35.Qf3 g6 36.h4 h5
37.Qe2 Qa7 38.Bc4 Kg7 39.Qd3 Qc5 40.Qd5 Qxd5 41.Bxd5 Bb6 42.f3 Kf8 43.Kf1 Ke7
44.Ke2 Ke8 45.Kd3 f6 46.Ke2 Ke7 47.g4 Ke8 48.gxh5 gxh5 49.Be6 Ke7 50.Bf5 d5
51.Bg6 dxe4 52.Bxh5 exf3+ 53.Kxf3 f5 54.Bg6 Kf6 55.h5 e4+ 56.Ke2 Kg5 57.Kd2 Bc7
58.Ke3 Bb6+ 59.Ke2 Bc7 60.Kd2 Bb6 61.Ke2  1/2-1/2

[Event "TCh-SRB 1st League"]
[Site "Subotica SRB"]
[Date "2008.09.10"]
[Round "9"]
[White "Kovacevic,A"]
[Black "Cvetkovic,Sr"]
[Result "1-0"]
[WhiteElo "2585"]
[BlackElo "2374"]

1.e4 c5 2.Nf3 e6 3.d4 cxd4 4.Nxd4 Nc6 5.Nc3 a6 6.Be2 Nge7 7.Be3 b5 8.O-O Nxd4
9.Qxd4 Nc6 10.Qd2 Be7 11.Rad1 O-O 12.Bf4 f6 13.Nd5 Ne5 14.Qd4 Nc6 15.Nxe7+ Qxe7
16.Qd6 Qxd6 17.Rxd6 Ne5 18.b3 Ra7 19.Rc1 Rb7 20.c4 b4 21.Rb6 a5 22.Rb5 Ra7
23.Bxe5 fxe5 24.Rd1 Kf7 25.Rxe5 Ke7 26.Rb5 Bb7 27.f3 Bc6 28.Rb6 Rc8 29.Kf2 Kd8
30.Ke3 Kc7 31.c5 e5 32.Bc4 Rf8 33.Rd6 Rf6 34.Rxf6 gxf6 35.Bd5 Ra8 36.g3 Ra7
37.Kd3 Ra8 38.Kc2 Ra7 39.Kb2 Ra8 40.Kc1 Ra7 41.Kd2 Ra8 42.Ke3 Ra7 43.Kf2 Ra8
44.Kg2 Ra7 45.Kh3 Rb7 46.Rxb7+ Bxb7 47.Kg4 Ba6 48.Kf5 Bd3 49.Kxf6 d6 50.cxd6+ Kxd6
51.f4 exf4 52.gxf4 Bb1 53.f5 Bxa2 54.Kg7 a4 55.f6  1-0

[Event "TCh-SRB 1st League"]
[Site "Subotica SRB"]
[Date "2008.09.10"]
[Round "9"]
[White "Leskur,D"]
[Black "Rajkovic,Du"]
[Result "1/2-1/2"]
[WhiteElo "2444"]
[BlackElo "2476"]

1.e4 c5 2.Nf3 e6 3.d4 cxd4 4.Nxd4 Nc6 5.Nc3 Qc7 6.Be3 a6 7.Qd2 Nf6 8.O-O-O Be7
9.f3 O-O 10.g4 b5 11.g5 Ne8 12.h4 Ne5 13.f4 Ng4 14.Rg1 Nxe3 15.Qxe3 b4 16.Nce2 Bc5
17.e5 d6 18.Bg2 Bb7 19.Bxb7 Qxb7 20.h5 Rd8 21.Rge1 dxe5 22.fxe5 Nc7 23.Qg3 Qb6
24.Qg4 Rd5 25.Nf3 Bf2 26.Nf4 Ra5 27.Rd6 Qb5 28.Re2 Bc5 29.g6 fxg6 30.hxg6 h6
31.Nd3 Rxa2 32.Nd4 Bxd4 33.Qxd4 Ra1+ 34.Kd2 Qe8 35.Rg2 Nb5 36.Qxb4 Nxd6 37.exd6 Qc6
38.Rf2 Rf1 39.Rxf1 Rxf1 40.Qd4 Rf8 41.d7 Rd8 42.Ne5 Qd5 43.Qxd5 exd5 44.Ke3 h5
45.Kf4 Kf8 46.Kg5 Ke7 47.Nc6+ Kxd7 48.Nxd8 Kxd8 49.Kxh5 Ke7 50.Kg5 Ke6 51.Kf4 a5
52.b3 Kf6 53.c3 d4 54.c4 Kxg6 55.Ke4 Kf6 56.Kxd4 Ke6 57.Ke4 Kd6 58.Kf5 Kc5
59.Kg6 Kb4  1/2-1/2

[Event "7th Georgiev - Kesarovski Mem"]
[Site "Sunny Beach BUL"]
[Date "2008.09.10"]
[Round "3"]
[White "Todorov,Mo"]
[Black "Mitkov,M"]
[Result "1-0"]
[WhiteElo "2237"]
[BlackElo "2382"]

1.e4 c5 2.Nf3 e6 3.d4 cxd4 4.Nxd4 Nc6 5.Nc3 Qc7 6.Be2 a6 7.O-O Nf6 8.Be3 Bb4
9.Na4 Be7 10.Nxc6 bxc6 11.Nb6 Rb8 12.Nxc8 Qxc8 13.Bd4 c5 14.Be5 Rb6 15.Qd3 d6
16.Bc3 O-O 17.b3 d5 18.e5 Ne4 19.Ba5 Rb5 20.Be1 c4 21.bxc4 Nc5 22.Qd1 dxc4
23.Bxc4 Rb6 24.Qe2 Na4 25.Bb3 Nc3 26.Bxc3 Qxc3 27.Rad1 Rb5 28.f4 Rd8 29.Rxd8+ Bxd8
30.a4 Ra5 31.Kh1 g6 32.h3 Bb6 33.Kh2 Kg7 34.Rd1 h5 35.h4 Qb4 36.g3 Rc5 37.f5 exf5
38.e6 f4 39.e7 fxg3+ 40.Kg2  1-0

[Event "7th Georgiev - Kesarovski Mem"]
[Site "Sunny Beach BUL"]
[Date "2008.09.10"]
[Round "3"]
[White "Ivanov L.,S"]
[Black "Andonovski,L"]
[Result "1/2-1/2"]
[WhiteElo "2099"]
[BlackElo "2300"]

1.e4 c5 2.Nf3 e6 3.d4 cxd4 4.Nxd4 Nc6 5.Nc3 Qc7 6.Be3 a6 7.Bd3 Nf6 8.O-O h5
9.h3 b5 10.Nxc6 Qxc6 11.a3 Bb7 12.Qe2 h4 13.Rfe1 Be7 14.Qf1 Qc7 15.Qe2 Bc6
16.Bg5 d6 17.Rad1 Nh5 18.Qg4 Bxg5 19.Qxg5 Qe7 20.Qe3 e5 21.Be2 Nf4 22.Qb6 Rc8
23.Bg4 Qc7 24.Qxc7 Rxc7 25.Rxd6 Ke7 26.Rd2 Rb8 27.g3 hxg3 28.fxg3 Ng6 29.Bf5 Nf8
30.Ree2 f6 31.Nd5+ Bxd5 32.Rxd5 Rd8 33.Rxd8 Kxd8 34.Rd2+ Ke7 35.Kf2 Rc4 36.Ke3 Ne6
37.Bxe6 Kxe6 38.c3 Rc8 39.Kf3 g6 40.g4 Rh8 41.Kg3 Rc8 42.h4 a5 43.h5 gxh5
44.gxh5 b4 45.axb4 axb4 46.cxb4 Rc4 47.Rh2 Kf7 48.h6 Kg8 49.h7+ Kh8 50.Rh6 Rxe4
51.Rxf6 Rxb4 52.Rh6 Rxb2 53.Kf3 Rb7 54.Ke4 Rxh7 55.Re6 Rh5 56.Re7 Kg8 57.Kd5 Kf8
58.Rxe5 Rxe5+ 59.Kxe5  1/2-1/2

[Event "7th Georgiev - Kesarovski Mem"]
[Site "Sunny Beach BUL"]
[Date "2008.09.10"]
[Round "4"]
[White "Videnova,I"]
[Black "Stanojoski,Z"]
[Result "0-1"]
[WhiteElo "2211"]
[BlackElo "2514"]

1.e4 c5 2.Nf3 Nc6 3.d4 cxd4 4.Nxd4 e6 5.Nc3 Qc7 6.Be3 a6 7.Qd2 Nf6 8.O-O-O Bb4
9.f3 Ne7 10.a3 Bxc3 11.Qxc3 Qxc3 12.bxc3 e5 13.Nb3 d5 14.Bb6 Nd7 15.Bc7 dxe4
16.Nc5 exf3 17.gxf3 Nc6 18.Nxd7 Bxd7 19.Bc4 f6 20.Rhg1 g6 21.Rge1 Rc8 22.Bb6 Ne7
23.Bb3 g5 24.Rd2 Bf5 25.Red1 Kf8 26.Rd8+ Kg7 27.Rxh8 Rxh8 28.Ba4 Rc8 29.Kb2 Nc6
30.Rd6 h5 31.Bxc6 Rxc6 32.Rxc6 bxc6 33.Be3 Be6 34.h4 Kg6  0-1

[Event "7th Georgiev - Kesarovski Mem"]
[Site "Sunny Beach BUL"]
[Date "2008.09.10"]
[Round "4"]
[White "Milonakis,G"]
[Black "Arnaudov,G"]
[Result "0-1"]
[WhiteElo "2099"]
[BlackElo "2311"]

1.e4 c5 2.Nf3 Nc6 3.d4 cxd4 4.Nxd4 e6 5.Nc3 Qc7 6.Be3 a6 7.Bd3 Nf6 8.O-O Ne5
9.h3 Bc5 10.Kh1 d6 11.f4 Ng6 12.f5 Ne5 13.Qe1 b5 14.Qg3 O-O 15.Rae1 Kh8 16.Nd1 Qe7
17.Qh4 Bb7 18.Nf2 Rae8 19.Ng4 Nfxg4 20.Qxe7 Rxe7 21.hxg4 Nxg4 22.Bg1 e5 23.Nf3 Bxg1
24.Kxg1 Nf6 25.Nd2 Nd7 26.Rf3 Rc8 27.c3 f6 28.c4 b4 29.Kf2 g6 30.Nf1 Kg7
31.Ne3 Nc5 32.Nd5 Bxd5 33.cxd5 Nxd3+ 34.Rxd3 Rc2+ 35.Re2 Rec7 36.Rb3 a5 37.a3 Rxe2+
38.Kxe2 Rc4 39.Kf3 gxf5 40.exf5 Kh6 41.axb4 axb4 42.Ke2 Kg5 43.Rg3+ Rg4 44.Rf3 Rxg2+  0-1

[Event "II ROMGAZ Open"]
[Site "Bucharest ROU"]
[Date "2008.09.11"]
[Round "1"]
[White "Buzgaru,G"]
[Black "Ulibin,M"]
[Result "0-1"]
[WhiteElo "1999"]
[BlackElo "2520"]

1.e4 c5 2.Nf3 e6 3.d4 cxd4 4.Nxd4 Nc6 5.Nc3 Qc7 6.Ndb5 Qb8 7.Bd3 a6 8.Na3 b5
9.Ne2 Nf6 10.Bf4 d6 11.O-O Be7 12.c3 Bb7 13.Nc2 Ne5 14.Bxe5 dxe5 15.Ng3 O-O
16.Qe2 Rd8 17.Rad1 Bc6 18.Ne3 Qb7 19.Ng4 Nxg4 20.Qxg4 b4 21.cxb4 Qxb4 22.b3 g6
23.Bc4 Bb5 24.Rc1 Rd2 25.h4 Rxa2 26.h5 Bxc4 27.bxc4 Qc5 28.hxg6 hxg6 29.Rc3 Rb8
30.Rf3 Qxc4 31.Rd1 Qc2 32.Rd7 Qc1+ 33.Nf1 Qxf1+ 34.Kh2 Rxf2 35.Rxe7 Rxf3
36.Qxf3 Qxf3 37.gxf3 Ra8 38.Kg3 a5 39.f4 exf4+ 40.Kxf4 a4 41.Rc7 a3 42.Rc1 a2
43.Ra1 Kg7 44.e5 Ra5 45.Ke4 g5 46.Kd4 Kg6 47.Ke4 Ra4+  0-1

[Event "61st ch-RUS HL"]
[Site "Novokuznetsk RUS"]
[Date "2008.09.11"]
[Round "8"]
[White "Matlakov,M"]
[Black "Vorobiov,E"]
[Result "1/2-1/2"]
[WhiteElo "2484"]
[BlackElo "2550"]

1.e4 c5 2.Nf3 e6 3.d4 cxd4 4.Nxd4 Nc6 5.Nc3 Qc7 6.Be2 a6 7.O-O Nf6 8.Be3 Be7
9.f4 d6 10.a4 O-O 11.Kh1 Re8 12.Bf3 Bf8 13.Qd2 Na5 14.b3 Bd7 15.Rad1 Nc6
16.Nde2 Rad8 17.Bf2 Bc8 18.Bg3 b6 19.Qe1 Nb4 20.Qf2 Bb7 21.e5 Nfd5 22.Nxd5 Bxd5
23.Bxd5 Nxd5 24.c4 Nb4 25.exd6 Bxd6 26.f5 Bxg3 27.Nxg3 exf5 28.Nxf5 Nd3 29.Qf3 Ne5
30.Qg3 f6 31.h3 Rd7 32.Rd5 Rxd5 33.cxd5 Qd7 34.d6 Kh8 35.Qh4 Nf7 36.Qd4 b5
37.axb5 axb5 38.Qc3 Rd8 39.Qc7 g6 40.Nd4 Nxd6 41.Qxd7 Rxd7 42.Rxf6  1/2-1/2

[Event "61st ch-RUS HL"]
[Site "Novokuznetsk RUS"]
[Date "2008.09.11"]
[Round "8"]
[White "Galkin,A"]
[Black "Vitiugov,N"]
[Result "1/2-1/2"]
[WhiteElo "2615"]
[BlackElo "2616"]

1.e4 c5 2.Nf3 e6 3.d4 cxd4 4.Nxd4 Nc6 5.Nc3 Qc7 6.Be2 Nf6 7.O-O Be7 8.Be3 O-O
9.f4 d6 10.Kh1 Nxd4 11.Qxd4 b6 12.Bf3 Bb7 13.Rad1 Rfd8 14.Nb5 Qb8 15.c4 a6
16.Nc3 Nd7 17.Qd2 Qc7 18.Rc1 Rac8 19.Rfd1 Qb8 20.Qe2 Bf6 21.Bf2 Ba8 22.h3 h6
23.Rc2 Qc7 24.Rcc1 Qb8 25.Rc2 Qc7 26.Rcc1  1/2-1/2

[Event "61st ch-RUS HL"]
[Site "Novokuznetsk RUS"]
[Date "2008.09.11"]
[Round "8"]
[White "Nepomniachtchi,I"]
[Black "Bocharov,D"]
[Result "0-1"]
[WhiteElo "2602"]
[BlackElo "2582"]

1.e4 c5 2.Nf3 Nc6 3.d4 cxd4 4.Nxd4 e6 5.Nc3 Qc7 6.Be3 a6 7.Qd2 b5 8.O-O-O b4
9.Na4 Nf6 10.f3 Ne5 11.g4 h6 12.Rg1 d5 13.exd5 Nxd5 14.f4 Nc4 15.Bxc4 Qxc4
16.Nb3 Be7 17.Bd4 O-O 18.g5 hxg5 19.fxg5 e5 20.Bxe5 Bf5 21.g6 Rad8 22.gxf7+ Rxf7
23.Bd4 Ne3 24.Nb6 Qc6 25.Bxe3 Rxd2 26.Rxd2 Be6 27.Re1 Bh4 28.Red1 Bg4 29.Rg1 Qf3
30.Nd5 Be6 31.Bg5 Bxg5 32.Rxg5 Qh1+ 33.Rd1 Qxh2 34.Nd4 Bxd5 35.Rxd5 Rf2 36.a3 b3
37.cxb3 Qf4+  0-1

[Event "61st ch-RUS HL"]
[Site "Novokuznetsk RUS"]
[Date "2008.09.11"]
[Round "8"]
[White "Potkin,V"]
[Black "Kalegin,E"]
[Result "1-0"]
[WhiteElo "2629"]
[BlackElo "2495"]

1.e4 c5 2.Nf3 e6 3.d4 cxd4 4.Nxd4 Nc6 5.Nc3 a6 6.Be2 d6 7.Be3 Nf6 8.f4 Be7
9.Qd2 Bd7 10.O-O-O Nxd4 11.Qxd4 Bc6 12.g4 O-O 13.g5 Nd7 14.Rhg1 e5 15.Qd2 exf4
16.Bxf4 Ne5 17.h4 b5 18.Kb1 Qc7 19.h5 Qb7 20.Nd5 Bxd5 21.exd5 Rad8 22.Rg3 Rfe8
23.Rh1 Bf8 24.g6 fxg6 25.hxg6 hxg6 26.a3 Be7 27.Bxe5 dxe5 28.Rxg6 Rd6 29.Qh6 Rxg6
30.Qxg6  1-0

[Event "61st ch-RUS HL"]
[Site "Novokuznetsk RUS"]
[Date "2008.09.11"]
[Round "8"]
[White "Kokarev,Dm"]
[Black "Grachev,B"]
[Result "1/2-1/2"]
[WhiteElo "2582"]
[BlackElo "2640"]

1.e4 c5 2.Nf3 e6 3.d4 cxd4 4.Nxd4 Nc6 5.Nc3 Qc7 6.Be3 Nf6 7.f4 Bb4 8.Nb5 Qa5
9.Bd2 a6 10.e5 axb5 11.exf6 Bxc3 12.Bxc3 b4 13.fxg7 Rg8 14.Bd4 Qd5 15.Be3 Rxa2
16.Rxa2 Qxa2 17.Bb5 Qxb2 18.Bxc6 Qc3+ 19.Kf2 Qxc6 20.Bd4 b6 21.Re1 Bb7 22.Qg4 Qxc2+
23.Re2 Qg6 24.h3 f5 25.Qxg6+ hxg6 26.Rb2 b5 27.Rxb4 Bc6 28.Rb1 Kf7 29.g3 Ra8
30.Ra1 Rxa1 31.Bxa1 b4 32.h4 b3 33.Ke3 d6 34.Kd2 Bf3 35.Bd4 e5 36.fxe5 dxe5
37.Bxe5 g5 38.hxg5 Kg8 39.Kc3  1/2-1/2

[Event "61st ch-RUS HL"]
[Site "Novokuznetsk RUS"]
[Date "2008.09.11"]
[Round "8"]
[White "Kabanov,N"]
[Black "Garakov,M"]
[Result "1-0"]
[WhiteElo "2521"]
[BlackElo "2439"]

1.e4 c5 2.Nf3 e6 3.d4 cxd4 4.Nxd4 Nc6 5.Nc3 Qc7 6.Be2 a6 7.O-O Nf6 8.Be3 Be7
9.f4 d6 10.Kh1 O-O 11.a4 Bd7 12.Nb3 b6 13.Bf3 Rab8 14.g4 Bc8 15.g5 Nd7 16.Bg2 f6
17.Bh3 Nc5 18.g6 hxg6 19.Qg4 Nb4 20.Qg2 f5 21.Nxc5 bxc5 22.Rf2 Bf6 23.Qxg6 Nc6
24.Bc1 Ne7 25.Qg3 Bxc3 26.Qxc3 fxe4 27.b3 Nf5 28.Bxf5 Rxf5 29.Be3 Bb7 30.Rg1 d5
31.Rfg2 Rf7 32.Bd4 cxd4 33.Rxg7+ Kh8 34.Qh3+  1-0

[Event "7th Georgiev - Kesarovski Mem"]
[Site "Sunny Beach BUL"]
[Date "2008.09.11"]
[Round "5"]
[White "Dancevski,O"]
[Black "Stankovic,Milo"]
[Result "0-1"]
[WhiteElo "2441"]
[BlackElo "2155"]

1.e4 c5 2.Nc3 e6 3.Nge2 Nc6 4.d4 cxd4 5.Nxd4 Nf6 6.Ndb5 d6 7.Bf4 e5 8.Bg5 a6
9.Bxf6 gxf6 10.Na3 b5 11.Nd5 Bg7 12.c3 f5 13.exf5 Bxf5 14.Nc2 O-O 15.a4 Ne7
16.Nce3 Be6 17.Nxe7+ Qxe7 18.axb5 axb5 19.Bxb5 Qb7 20.c4 d5 21.O-O d4 22.Nc2 e4
23.Rxa8 Rxa8 24.Qd2 d3 25.Ne3 Ra2 26.Nd1 Qc7 27.Nc3 Qa5 28.Nxe4 Qxd2 29.Nxd2 Rxb2
30.Rd1 Bh6 31.Nf1 d2 32.Ne3 Bxe3  0-1

[Event "I Liga Seniorow"]
[Site "Ustron POL"]
[Date "2008.09.11"]
[Round "6"]
[White "Chojnacki,K"]
[Black "Dobrowolski,A"]
[Result "1-0"]
[WhiteElo "2416"]
[BlackElo "2357"]

1.e4 c5 2.Nf3 Nc6 3.d4 cxd4 4.Nxd4 e6 5.Nc3 Qc7 6.Be2 a6 7.O-O Nf6 8.Be3 Bb4
9.Na4 Be7 10.Nxc6 bxc6 11.Nb6 Rb8 12.Nxc8 Qxc8 13.Bd4 Nxe4 14.Bxg7 Rg8 15.Be5 d6
16.Qd3 f5 17.Bh5+ Kf8 18.Bf4 Kg7 19.Bf3 Nf6 20.Qc3 e5 21.Bg5 Kh8 22.Bh4 Rg7
23.Rad1 Qe6 24.Qxc6 e4 25.Be2 f4 26.Bxf6 Bxf6 27.Qxd6 Qxd6 28.Rxd6 Be7 29.Re6 f3
30.Bxa6 Rxg2+ 31.Kh1 Bc5 32.Rxe4 Bxf2 33.Bc4 Rf8 34.Bd5 Bc5 35.Rc4 Bd6 36.Rxf3 Rxh2+
37.Kg1 Re8 38.Bf7 Re1+ 39.Rf1 Ree2 40.Rc8+  1-0

[Event "DMP Ekstraliga"]
[Site "Karpacz POL"]
[Date "2008.09.12"]
[Round "7"]
[White "Warakomski,T"]
[Black "Gajewski,G"]
[Result "1-0"]
[WhiteElo "2502"]
[BlackElo "2575"]

1.e4 c5 2.Nf3 e6 3.d4 cxd4 4.Nxd4 Nc6 5.Nc3 d6 6.Be3 Nf6 7.Be2 Be7 8.O-O O-O
9.f4 Bd7 10.Qe1 Nxd4 11.Bxd4 Bc6 12.Qg3 Qb8 13.Bf3 Rd8 14.Rae1 Ne8 15.Nd5 Bf8
16.Ne3 b5 17.h4 h6 18.Ng4 Kh7 19.c3 Qb7 20.h5 Rac8 21.Rf2 Be7 22.Bd1 Nf6
23.Bc2 Nxh5 24.Qh3 g6 25.e5 Kg8 26.Nxh6+ Kg7 27.Nxf7 Kxf7 28.Bxg6+ Kxg6 29.f5+ Kh6
30.g4 Be8 31.f6 Bf8 32.f7 Bxf7 33.Rxf7 Qxf7 34.Rf1 Kg7 35.Rxf7+ Kxf7 36.Qxh5+ Ke7
37.Qh7+ Ke8 38.Qb7 dxe5 39.Qxb5+ Ke7 40.Bxe5 Rd1+ 41.Kf2 Rcd8 42.Bd4 Rb1
43.g5 Rd5 44.Qb7+ Kd6 45.g6 Rf5+ 46.Ke2 e5 47.Bc5+ Kxc5 48.Qc8+ Kd5 49.Qxf5 Rxb2+
50.Kd3 Bh6 51.Qd7+ Kc5 52.Qxa7+ Kd5 53.c4+ Ke6 54.Qf7+ Kd6 55.Qd5+  1-0

[Event "4th ch-EU"]
[Site "Liverpool ENG"]
[Date "2008.09.12"]
[Round "4"]
[White "Edouard,R"]
[Black "Priborsky,J"]
[Result "1-0"]
[WhiteElo "2508"]
[BlackElo "2344"]

1.e4 c5 2.Nf3 e6 3.d4 cxd4 4.Nxd4 Nc6 5.Nc3 Qc7 6.Be3 a6 7.Qd2 Nf6 8.O-O-O Bb4
9.f3 Ne5 10.Nb3 b5 11.Qe1 Nc4 12.Bd4 O-O 13.e5 Bxc3 14.Bxc3 Nd5 15.Bd4 a5
16.a3 a4 17.Nc5 f6 18.exf6 Nxf6 19.Kb1 e5 20.Bxc4+ bxc4 21.Qxe5 d6 22.Qg3 Bf5
23.Bxf6 Rxf6 24.Ne4 Rg6 25.Qe1 Rxg2 26.Qc3 Re8 27.Rd4 d5 28.Rxd5 Bxe4 29.fxe4 Rxe4
30.Rhd1 Re8 31.Qf3 Rg6 32.Rd7 Qc8 33.Qd5+ Rge6 34.Rg1 g6 35.Rg4 c3 36.Rc4 Qa8
37.Qxa8 Rxa8 38.Rxc3 Re2 39.h3 Re4 40.Rdc7 Rh4 41.R7c4 Rxc4 42.Rxc4 Kg7 43.Ka2 g5
44.b4 Kf6 45.h4 h6 46.Kb2 Rg8 47.hxg5+ hxg5 48.Rg4 Kf5 49.Rg1 g4 50.b5 g3
51.Kc3 Ke6 52.Kb4 Rg4+ 53.Kc5 Kd7 54.Kb6 Kc8 55.c4 g2 56.c5 Kb8 57.c6 Rg7
58.Ka5 Kc7 59.Ka6 Kd6 60.Kb6 Rg8 61.c7 Kd7 62.Kb7 Rc8 63.Rd1+  1-0

[Event "4th ch-EU"]
[Site "Liverpool ENG"]
[Date "2008.09.12"]
[Round "4"]
[White "Sulskis,S"]
[Black "Astaneh Lopez,A"]
[Result "1-0"]
[WhiteElo "2562"]
[BlackElo "2357"]

1.e4 c5 2.Nf3 e6 3.d4 cxd4 4.Nxd4 Nc6 5.Nc3 Qc7 6.Be3 Nf6 7.f3 a6 8.g4 Bb4
9.a3 Bxc3+ 10.bxc3 Ne5 11.g5 Qxc3+ 12.Kf2 Neg4+ 13.fxg4 Nxe4+ 14.Ke2 d5 15.Bg2 e5
16.Nf5 g6 17.Bxe4 gxf5 18.Bxf5 Bxf5 19.gxf5 Qc4+ 20.Qd3 Qg4+ 21.Ke1 d4 22.Rg1 Qh5
23.Bf2 Rc8 24.h4 O-O 25.Qd1 Qxd1+ 26.Kxd1 Rfd8 27.Rb1 e4 28.Rg4 e3 29.Be1 b5
30.Rb3 Rd5 31.f6 h6 32.Rd3 e2+ 33.Kxe2 Rxc2+ 34.Bd2 hxg5 35.Rxg5+  1-0

[Event "61st ch-RUS HL"]
[Site "Novokuznetsk RUS"]
[Date "2008.09.12"]
[Round "9"]
[White "Smikovski,I"]
[Black "Matlakov,M"]
[Result "1-0"]
[WhiteElo "2554"]
[BlackElo "2484"]

1.e4 c5 2.Nf3 e6 3.d4 cxd4 4.Nxd4 Nc6 5.Nc3 Qc7 6.Be2 Nf6 7.O-O a6 8.Kh1 Be7
9.f4 d6 10.a4 O-O 11.Be3 Re8 12.Bd3 e5 13.Nf3 exf4 14.Bxf4 Be6 15.Nd5 Bxd5
16.exd5 Ne5 17.Nxe5 dxe5 18.Bg3 Rf8 19.Qe1 Nd7 20.a5 Nc5 21.Bxe5 Bd6 22.Bxh7+ Kxh7
23.Qh4+ Kg8 24.Bxg7 Kxg7 25.Qg5+  1-0

[Event "61st ch-RUS HL"]
[Site "Novokuznetsk RUS"]
[Date "2008.09.12"]
[Round "9"]
[White "Khalifman,A"]
[Black "Yakovich,Yur"]
[Result "1-0"]
[WhiteElo "2634"]
[BlackElo "2566"]

1.e4 c5 2.Nf3 Nc6 3.Nc3 e6 4.d4 cxd4 5.Nxd4 Nf6 6.Nxc6 bxc6 7.e5 Nd5 8.Ne4 f5
9.exf6 Nxf6 10.Nd6+ Bxd6 11.Qxd6 Ba6 12.Bxa6 Qa5+ 13.Bd2 Qxa6 14.Bb4 O-O-O
15.O-O-O Qxa2 16.Rhe1 Nd5 17.Rd3 Qc4 18.Bd2 Rhf8 19.f3 Nb6 20.Bg5 Rde8 21.Re4 Qa6
22.Be3 Qb7 23.Bxb6 axb6 24.Ra4 b5 25.Ra5 Rd8 26.Qd4 e5 27.Qc5 Rf4 28.Rda3 d6
29.Qe3 Ra4 30.R3xa4 bxa4 31.Rxa4 Rd7 32.b3 Kd8 33.f4 exf4 34.Qxf4 Qb6 35.Rb4 Qa7
36.Kb2 Kc7 37.Qf8 g6 38.g4 Rd8 39.Qg7+ Rd7 40.Qh8 Re7 41.Qf8 Kd7 42.h4 d5
43.h5 gxh5 44.gxh5 Qc7 45.Rb8 Qe5+ 46.Ka2 d4 47.Rb7+  1-0

[Event "61st ch-RUS HL"]
[Site "Novokuznetsk RUS"]
[Date "2008.09.12"]
[Round "9"]
[White "Pokazanjev,N"]
[Black "Kalegin,E"]
[Result "1/2-1/2"]
[WhiteElo "2442"]
[BlackElo "2495"]

1.e4 c5 2.Nf3 e6 3.d4 cxd4 4.Nxd4 Nc6 5.Nc3 a6 6.Nxc6 bxc6 7.Bd3 d5 8.O-O Nf6
9.Re1 Be7 10.e5 Nd7 11.Qg4 g6 12.b3 O-O 13.Na4 f5 14.Qg3 c5 15.c4 d4 16.Bh6 Rf7
17.Nb2 Kh8 18.Bf1 g5 19.Be2 Nf8 20.Bh5 Ng6 21.Nd3 g4 22.h3 gxh3 23.Nf4 Bh4
24.Qxh3 Nxf4 25.Bxf4 Rg7 26.Bh6 Rg8 27.Bf7 Rg4 28.Bh5 Rg8 29.Bf7 Rg4 30.Bh5 Rg8
31.Bf7 Rg4  1/2-1/2

[Event "61st ch-RUS HL"]
[Site "Novokuznetsk RUS"]
[Date "2008.09.12"]
[Round "9"]
[White "Sjugirov,S"]
[Black "Shaposhnikov,E"]
[Result "1/2-1/2"]
[WhiteElo "2545"]
[BlackElo "2558"]

1.e4 c5 2.Nf3 e6 3.d4 cxd4 4.Nxd4 Nc6 5.Nc3 a6 6.g3 Qc7 7.Bg2 Nf6 8.O-O d6
9.Re1 Rb8 10.Nxc6 bxc6 11.Na4 Nd7 12.b3 Be7 13.Bb2 O-O 14.c4 c5 15.Qd2 Ne5
16.Rad1 Nc6 17.f4 Rd8 18.g4 e5 19.f5 Bh4 20.Rf1 Qe7 21.Nc3 Qg5 22.Qe2 Nd4
23.Rxd4 cxd4 24.Bc1 Qe7 25.Nd5 Qa7 26.Qd3 f6 27.Qh3 Bg5 28.Bxg5 fxg5 29.Qh5 Qf7
30.Qxg5 Bb7 31.Ne7+ Kh8 32.Ng6+ Kg8 33.Ne7+ Kh8 34.Ng6+ Kg8 35.Ne7+  1/2-1/2